000 00660nam a2200217 a 4500
999 _c3160
_d3160
001 3160
003 BD-JhCC
005 20171111172209.0
008 171111s1379 bg |||| |||| 000 0 ben d
035 _a(BD-JhCC) 3160
040 _aBD-JhCC
_dBD-JhCC
041 _aben
082 _a891.443
_bBOS 1379
100 _aবসু, মিন্টু
245 _aমুক্তি যোদ্ধার ডায়েরী /
_c মিন্টু বসু
260 _aবরিশাল :
_bমনীষা,
_c১৩৭৯.
300 _a৭৯ পৃ. :
_c২১ সেমি.
650 _aNovel of liberation war
942 _2ddc
_cBK